Т. 2; Галерея античных философов
| Parent link: | Галерея античных философов: учебное пособие/ В. Я. Кисиль, В. В. Рибери. Т. 2.— , 2002.— 5-8183-0414-0 |
|---|---|
| Language: | Russian |
| Published: |
2002
|
| Subjects: |
Эмпедокл
> древнегреческий философ
> около 490-430 гг. до н. э.
> поэт
> врач
> политический деятель
Цицерон
> Марк Туллий
> М. Т.
> римский политический деятель
> оратор
> писатель
> 106-43 гг. до н. э.
Перикл
> афинский стратег (главнокомандующий)
> вождь афинской демократической группировки
> около 490 - 429 гг. до н.э.
|
| Format: | Book |
| KOHA link: | https://koha.lib.tpu.ru/cgi-bin/koha/opac-detail.pl?biblionumber=41922 |
MARC
| LEADER | 00000nam2a2200000 4500 | ||
|---|---|---|---|
| 001 | 41922 | ||
| 005 | 20231101210721.0 | ||
| 010 | |a 5818304116 | ||
| 035 | |a (RuTPU)RU\TPU\book\43064 | ||
| 090 | |a 41922 | ||
| 100 | |a 20020704d2002 m y0rusy50 ca | ||
| 101 | 0 | |a rus | |
| 102 | |a RU | ||
| 105 | |a aс j 001zd | ||
| 200 | 0 | |a Т. 2 | |
| 210 | |d 2002 | ||
| 215 | |a 576 с. |c ил., портр. | ||
| 320 | |a Библиогр.: с. 542-572. | ||
| 461 | 1 | |0 (RuTPU)RU\TPU\book\43372 |y 5-8183-0414-0 |t Галерея античных философов |o учебное пособие |o в 2 т. |f В. Я. Кисиль, В. В. Рибери |v Т. 2 |d 2002 | |
| 600 | 1 | |a Овидий |b П. О. Н. |f 43 г. до н.э.-18 г. до н.э. |g Публий Овидий Назон |2 stltpush |3 (RuTPU)RU\TPU\pers\4345 | |
| 600 | 0 | |a Сократ |c древнегреческий философ |f около 470 - 399 гг. до н.э. |2 stltpui |3 (RuTPU)RU\TPU\pers\432 | |
| 600 | 1 | |a Эпикур |c древнегреческий философ |f 341 - 270 гг. до н.э. |2 stltpui |3 (RuTPU)RU\TPU\pers\532 | |
| 600 | 0 | |a Аврелий Марк Антонин |c римский император, философ-стоик |f 121-180 |c Марк Аврелий |2 stltpui |3 (RuTPU)RU\TPU\pers\281 | |
| 600 | 0 | |a Фалес |f 625-547 гг. до н.э. |c древнегреческий философ |2 stltpush |3 (RuTPU)RU\TPU\pers\4378 | |
| 600 | 0 | |a Эпиктет |c римский философ-стоик |c бывший раб |f около 50 - около 140 |2 stltpui |3 (RuTPU)RU\TPU\pers\531 |9 251 | |
| 600 | 1 | |a Эмпедокл |c древнегреческий философ |f около 490-430 гг. до н. э. |c поэт |c врач |c политический деятель |2 stltpush |3 (RuTPU)RU\TPU\pers\9644 | |
| 600 | 1 | |a Цицерон |g Марк Туллий |b М. Т. |c римский политический деятель |c оратор |c писатель |f 106-43 гг. до н. э. |2 stltpui |3 (RuTPU)RU\TPU\pers\628 | |
| 600 | 0 | |a Протагор |c древнегреческий философ |c софист |f около 480 - 410 гг. до н. э. |2 stltpui |3 (RuTPU)RU\TPU\pers\1587 | |
| 600 | 0 | |a Прокл |c древнегреческий философ |f 412 - 485 |2 stltpui |3 (RuTPU)RU\TPU\pers\382 |9 190 | |
| 600 | 0 | |a Плотин |c древнегреческий философ |c основатель неоплатонизма |f около 204/205 - 269/270 |2 stltpui |3 (RuTPU)RU\TPU\pers\375 |9 187 | |
| 600 | 0 | |a Плутарх |c древнегреческий писатель |c историк |f около 45 - около 127 |2 stltpui |3 (RuTPU)RU\TPU\pers\973 |9 430 | |
| 600 | 0 | |a Солон |f между 640 и 635 - около 559 гг. до н.э. |c афинский государственный деятель |2 stltpush |3 (RuTPU)RU\TPU\pers\4360 | |
| 600 | 0 | |a Платон |f 428/427 - 348/347 гг. до н.э. |c древнегреческий философ |2 stltpui |3 (RuTPU)RU\TPU\pers\374 | |
| 600 | 0 | |a Перикл |c афинский стратег (главнокомандующий) |c вождь афинской демократической группировки |f около 490 - 429 гг. до н.э. |2 stltpui |3 (RuTPU)RU\TPU\pers\651 | |
| 600 | 0 | |a Пифагор Самосский |c древнегреческий философ |f 6 в. до н.э. |c математик |c основатель пифагореизма |2 stltpui |3 (RuTPU)RU\TPU\pers\371 | |
| 600 | 0 | |a Персий Флакк Авл |c римский поэт-сатирик |f 34 - 62 |2 stltpush |3 (RuTPU)RU\TPU\pers\11650 |9 2820 | |
| 600 | 0 | |a Сенека Луций Анней |c римский политический деятель |c философ |c писатель |c представитель стоицизма |f около 4 г. до н.э. - 65 |2 stltpush |3 (RuTPU)RU\TPU\pers\850 | |
| 606 | 1 | |a Античная философия |2 stltpush |3 (RuTPU)RU\TPU\subj\29253 |9 52631 | |
| 610 | 1 | |a философия | |
| 610 | 1 | |a история | |
| 610 | 1 | |a древнегреческая философия | |
| 610 | 1 | |a Древний Рим | |
| 610 | 1 | |a философы | |
| 610 | 1 | |a персоналии | |
| 610 | 1 | |a биографии | |
| 610 | 1 | |a философские школы | |
| 610 | 1 | |a карта древнего мира | |
| 610 | 1 | |a учебные пособия | |
| 686 | |a Ю3(0)32 |v LBC/SL-A |2 rubbk | ||
| 801 | 1 | |a RU |b 63413507 |c 20020704 |g PSBO | |
| 801 | 2 | |a RU |b 63413507 |c 20140709 |g PSBO | |
| 942 | |c BK | ||